000 00856cam a22002654a 4500
001 15373412
005 20250116174033.0
008 080719s2006 maua b 001 0 eng
020 _a0465008305
020 _a9780465008308 (hc)
050 0 0 _aHD38.15
_b.B878 2006
082 0 0 _a658
_222
245 0 0 _aBusiness :
_bthe ultimate resource.
250 _a2nd ed, completely rev. and updated.
260 _aCambridge, MA :
_bBasic Books,
_cc2006.
300 _aliii, 1973 p. :
_bill. ;
_c29 cm.
650 0 _aManagement
_vHandbooks, manuals, etc.
650 0 _aEntrepreneurship.
650 0 _aSuccess in business.
650 0 _aBusiness
_vTerminology.
650 0 _aIndustrial management.
650 0 _aManagement
_xPhilosophy.
856 4 2 _3Publisher description
_uhttp://www.loc.gov/catdir/enhancements/fy0837/2008271103-d.html
942 _2lcc
_cBK
_n0
999 _c2599
_d2599